Tendencia en el movimiento obrero costarricense (1870-1930)
সংরক্ষণ করুন:
| প্রধান লেখক: | |
|---|---|
| বিন্যাস: | পাঠ্য |
| প্রকাশিত: |
Heredia:
UNA. Instituto de Estudios del Trabajo
|
| ট্যাগগুলো: |
ট্যাগ যুক্ত করুন
কোনো ট্যাগ নেই, প্রথমজন হিসাবে ট্যাগ করুন!
|
MARC
| LEADER | 00000 a a2200000 04500 | ||
|---|---|---|---|
| 001 | 14979 | ||
| 003 | |||
| 040 | |||
| 090 | |a 026300 | ||
| 100 | |a De la Cruz de Lemos, Vladimir | ||
| 245 | |a Tendencia en el movimiento obrero costarricense (1870-1930) | ||
| 260 | |a Heredia: |b UNA. Instituto de Estudios del Trabajo | ||
| 300 | |a 21; 3 p. | ||
| 999 | |c 16451 |d 16451 | ||
